| 000 | 00746nam a2200301Ia 4500 | ||
|---|---|---|---|
| 008 | 171120s9999 xx 000 0 und d | ||
| 020 | _a717292657 | ||
| 050 | _a612.3 | ||
| 050 | _bW183b 1998 | ||
| 100 | _aWalker, Richard | ||
| 245 | _aBrain : | ||
| 245 | _bour body's nerve center / | ||
| 245 | _cby Richard Walker. | ||
| 260 | _aDanbury, Connecticut: | ||
| 260 | _bGroiler Educational, | ||
| 260 | _c1998 | ||
| 300 | _a48 pages : | ||
| 300 | _bcolored illustrations ; | ||
| 300 | _c29cm. | ||
| 440 | _aUnder the microscope. | ||
| 500 | _aIncludes glossary and index. | ||
| 650 | _aBrain -- | ||
| 650 | _aBrain. | ||
| 650 | _aMicroscopy. | ||
| 650 | _xJuvenile literature. | ||
| 700 | _aSeries. | ||
| 700 | _aTitle. | ||
| 999 |
_c344988 _d344988 |
||